[Event "Rocco Siffredi for president"]
[Site "SchemingMind.com"]
[Date "2017.01.13"]
[Round "-"]
[White "ray winteringham"]
[Black "Robert Bruce"]
[Result "0-1"]
[WhiteCountry "ENG"]
[BlackCountry "SCO"]
[WhiteElo "1486"]
[WhiteRD "52"]
[BlackElo "2355"]
[BlackRD "65"]
[GameID "409120"]

1. e4 Nf6 2. e5 Nd5 3. c4 Nb6 4. d4 d6 5. Nf3 dxe5 6. c5 N6d7 7. Be3 e6 8. Nc3 exd4 9. Bxd4 Nc6 10. Be3 Bxc5
11. Qc1 O-O 12. Be2 Bxe3 13. Qxe3 Nb4 14. Qc1 b6 15. a3 Nd5 16. O-O Bb7 17. Qc2 N7f6 18. Rad1 c5 19. Ng5 h6 20. Nxd5 exd5
21. Rfe1 hxg5 22. h3 d4 23. Bc4 Qd7 24. Ba2 Rfe8 25. Bb1 g4 26. hxg4 Qxg4 27. g3 Qf3
0-1

[Event "Rocco Siffredi for president"]
[Site "SchemingMind.com"]
[Date "2017.01.13"]
[Round "-"]
[White "Robert Bruce"]
[Black "ray winteringham"]
[Result "1-0"]
[WhiteCountry "SCO"]
[BlackCountry "ENG"]
[WhiteElo "2344"]
[WhiteRD "63"]
[BlackElo "1495"]
[BlackRD "52"]
[GameID "409121"]

1. f4 d5 2. Nf3 Nc6 3. e3 Bf5 4. Bb5 e6 5. b3 Bd6 6. Bxc6+ bxc6 7. O-O Nf6 8. Bb2 O-O 9. Nd4 Qd7 10. Nxf5 exf5
11. Bxf6 gxf6 12. Qh5 Kh8 13. Nc3 Rg8 14. Ne2 Rg6 15. Nd4 Rag8 16. g3 Bf8 17. c3 Rh6 18. Qxf5 Qd6 19. b4 Rh3 20. Qxh3
1-0

[Event "Rocco Siffredi for president"]
[Site "SchemingMind.com"]
[Date "2017.01.13"]
[Round "-"]
[White "Simon Green"]
[Black "Robert Bruce"]
[Result "0-1"]
[WhiteCountry "ENG"]
[BlackCountry "SCO"]
[WhiteElo "1641"]
[WhiteRD "60"]
[BlackElo "2355"]
[BlackRD "65"]
[GameID "409122"]

1. d4 Nf6 2. e3 g6 3. Bd3 Bg7 4. f4 O-O 5. Nf3 c5 6. c3 d6 7. Nbd2 Nc6 8. O-O e5 9. fxe5 dxe5 10. Ng5 exd4
11. exd4 cxd4 12. cxd4 Qxd4+ 13. Kh1 Qxd3 14. Rf3 Qd5 15. Nh3 Bg4
0-1

[Event "Rocco Siffredi for president"]
[Site "SchemingMind.com"]
[Date "2017.01.14"]
[Round "-"]
[White "Robert Bruce"]
[Black "Simon Green"]
[Result "1-0"]
[WhiteCountry "SCO"]
[BlackCountry "ENG"]
[WhiteElo "2355"]
[WhiteRD "65"]
[BlackElo "1641"]
[BlackRD "60"]
[GameID "409123"]

1. f4 e6 2. Nf3 d5 3. e3 Nf6 4. b3 c5 5. Bb2 Nc6 6. Bb5 Bd7 7. O-O a6 8. Bxc6 Bxc6 9. d3 Bd6 10. Ne5 Bxe5
11. fxe5 Nd7 12. Qh5 g6 13. Qh6 Qe7 14. Nd2 O-O-O 15. Nf3 Rdf8 16. Ng5 f5 17. exf6 Nxf6 18. Rxf6 Rxf6 19. Bxf6 Qxf6 20. Rf1 Qc3
21. Nf7 Rf8 22. Qxf8+
1-0

[Event "Rocco Siffredi for president"]
[Site "SchemingMind.com"]
[Date "2017.01.14"]
[Round "-"]
[White "Robert Bruce"]
[Black "William Lindberg"]
[Result "1/2-1/2"]
[WhiteCountry "SCO"]
[BlackCountry "USA"]
[WhiteElo "2365"]
[WhiteRD "75"]
[BlackElo "2371"]
[BlackRD "76"]
[GameID "409124"]

1. c4 e5 2. g3 Nf6 3. Bg2 Nc6 4. Nc3 Bc5 5. Nf3 d6 6. d3 h6 7. O-O a6 8. Rb1 O-O 9. a3 Nd4 10. Nh4 Ne6
11. b4 Ba7 12. Be3 Nd4 13. Bd2 Re8 14. e3 Bf5 15. Nxf5 Nxf5 16. Bxb7 Rb8 17. Bxa6 Re6 18. Bb5 Ne7 19. Ba4 Qc8 20. Qe2 Ra8
21. Bb3 c5 22. Qf3 Bb6 23. Ra1 Ng6 24. b5 Ba5 25. a4 Nf8 26. Qe2 Qb7 27. f4 exf4 28. Rxf4 Qa7 29. Kg2 Ng6 30. Rf2 Ne5
31. e4 Qd7 32. Rf4 Qd8 33. Raf1 Ra7 34. R4f2 Kh8 35. h3 Ra8 36. Rf5 Ra7 37. Bc2 Kg8 38. R5f2 Nfd7 39. Nd5 Nb6 40. Ne3 Qa8
41. Bxa5 Rxa5 42. Qd2 Ra7 43. Nd5 Nxd5 44. exd5 Ree7 45. Rb1 Ra5 46. Rf5 f6 47. Rf2 Kf7 48. Qc3 Kf8 49. Rff1 Rc7 50. Rf4 Ke7
51. Re4 Kf8 52. Rbe1 Qa7 53. Qd2 Ke8 54. Bb3 Qb6 55. Ra1 Re7 56. d4 cxd4 57. Rxd4 Rc7 58. Rf1 Kd7 59. Rh1 Ra8 60. Re4 Kc8
61. Qc2 Kb7 62. Rhe1 Qa5 63. Qe2 Qb4 64. Rb1 f5 65. Rf4 g6 66. Qc2 h5 67. Ra1 Nd7 68. Rf3 Nc5 69. Qc3 Qxb3 70. Qxb3 Nxb3
71. Rxb3 Rxc4 72. a5 Rc5 73. h4 Rxd5 74. Kf3 Rc5 75. Kf4 d5 76. Kg5 d4 77. Kxg6 Rd5 78. Kf6 d3 79. Kg5 d2 80. a6+ Kb6
81. Rd1 Rd4 82. Kxf5 Rad8 83. Rb2 R4d5+ 84. Ke4 Rd3 85. Ra2 Kc5 86. Rc2+ Kb6 87. Rc8 R8d4+ 88. Kf5 Rd5+ 89. Kf6 Rd6+ 90. Kg5 Rxg3+
91. Kf5 Rf3+ 92. Ke5 Rdd3 93. Rc6+ Kxb5 94. a7 Rde3+ 95. Kd5 Rd3+ 96. Ke6 Rde3+ 97. Kd6 Rd3+ 98. Ke7 Ra3 99. Rc7 Kb6 100. Rd7 Rae3+
101. Kd6 Rd3+ 102. Ke5 Rde3+ 103. Kd4 Rd3+ 104. Ke5 Rde3+ 105. Kd4 Rd3+ 106. Kc4 Rc3+ 107. Kd5 Rcd3+ 108. Kc4 Rc3+=
1/2-1/2

[Event "Rocco Siffredi for president"]
[Site "SchemingMind.com"]
[Date "2017.01.13"]
[Round "-"]
[White "William Lindberg"]
[Black "Robert Bruce"]
[Result "1/2-1/2"]
[WhiteCountry "USA"]
[BlackCountry "SCO"]
[WhiteElo "2424"]
[WhiteRD "70"]
[BlackElo "2355"]
[BlackRD "65"]
[GameID "409125"]

1. d4 Nf6 2. c4 c5 3. d5 b5 4. cxb5 a6 5. bxa6 g6 6. Nc3 Bxa6 7. e4 Bxf1 8. Kxf1 d6 9. g3 Bg7 10. Kg2 O-O
11. Nf3 Nbd7 12. Qc2 Qb6 13. a4 e6 14. dxe6 fxe6 15. Qd2 Ng4 16. a5 Qc6 17. Qe2 d5 18. exd5 exd5 19. Rd1 c4 20. Nxd5 Rae8
21. Be3 Nge5 22. Nxe5 Rxe5 23. Rd4 Rxd5 24. Qxc4 Qxc4 25. Rxc4 Ne5 26. Re4 Ra8 27. a6 Rb5 28. a7 Rxb2 29. Ra6 Rb3 30. Re6 Rb5
31. f4 Kf7 32. R6xe5 Bxe5 33. Rxe5 Rxe5 34. fxe5 Ke6 35. Kf3 Kd5 36. Kf4 h6 37. Bb6 Kc6 38. Bd4 Kd5 39. Ke3 Re8 40. Kd3 g5
41. Bb6 Ra8 42. Bd4 Re8 43. Bb6 Ra8 44. Bd4 Re8=
1/2-1/2

[Event "Rocco Siffredi for president"]
[Site "SchemingMind.com"]
[Date "2017.01.14"]
[Round "-"]
[White "Robert Bruce"]
[Black "dixan"]
[Result "1-0"]
[WhiteCountry "SCO"]
[BlackCountry "ITA"]
[WhiteElo "2362"]
[WhiteRD "69"]
[BlackElo "1500"]
[BlackRD "80"]
[GameID "409126"]

1. f4 e5 2. fxe5 d6 3. exd6 Bxd6 4. Nf3 Nf6 5. d4 O-O 6. Bg5 Bg4 7. Nc3 Nbd7 8. Qd3 Bxf3 9. gxf3 c6 10. O-O-O Nb6
11. e4 Be7 12. Rg1 Nh5 13. Be3 Qc7 14. e5 f5 15. f4
1-0

[Event "Rocco Siffredi for president"]
[Site "SchemingMind.com"]
[Date "2017.01.13"]
[Round "-"]
[White "dixan"]
[Black "Robert Bruce"]
[Result "0-1"]
[WhiteCountry "ITA"]
[BlackCountry "SCO"]
[WhiteElo "1500"]
[WhiteRD "80"]
[BlackElo "2362"]
[BlackRD "69"]
[GameID "409127"]

1. e4 Nf6 2. Nc3 e5 3. Bc4 Nxe4 4. Bxf7+ Kxf7 5. Nxe4 d5 6. Nc3 c6 7. Qh5+ g6 8. Qf3+ Kg7 9. d3 Bd6 10. Bd2 Nd7
11. O-O-O Nf6 12. h3 Rf8 13. Qe2 b5 14. a3 a5 15. Na2 b4
0-1